Los ciclos economicos argentinos /

Guardado en:
Autor Principal: Di Tella, Guido
Otros Autores: Zymelman, Manuel
Formato: Libro
Publicado: Buenos Aires : Paidos, 1973
Series:Texto Universitarios, Econ., 2
Materias:
Etiquetas: Agregar Etiqueta
Sin Etiquetas, Sea el primero en etiquetar este registro!
LEADER 00563nam a22001815a 4500
001 EHU.bham002425
003 AR-BHAM
005 20070327184328.0
008 130507s1973##################000#0#####d
082 3 3 |a 330.982 
100 1 |a Di Tella, Guido 
245 1 0 |a Los ciclos economicos argentinos /  |c Guido Di Tella , Manuel Zymelman , 
260 |a Buenos Aires :  |b Paidos,  |c 1973 
300 |a 365 p. 
490 0 |a Texto Universitarios, Econ., 2 
653 |a Economia argentina 
700 1 |a Zymelman, Manuel 
859 |a AR-BHAM  |b BIB. HUMANIDADES - General  |h 330.982  |i D634  |p 221.84  |t Ej.1